Sports Quiz

Random Sports or Soccer Quiz

Clubs of La Liga Quiz Stats

 Plays Quiz Updated Sep 2, 2019

Score 0/20 Timer 06:00
44 Plays Today
Club % Correct
Real Madrid
98.7%
Barcelona
98.1%
Valencia
84.9%
Atlético Madrid
80.8%
Sevilla
73.7%
Real Betis
65.1%
Villarreal
59.8%
Athletic Bilbao
57.7%
Espanyol
56.6%
Celta de Vigo
53.3%
Club % Correct
Alavés
53.3%
Levante
52%
Granada
51%
Mallorca
44.1%
Eibar
43.4%
Osasuna
41.2%
Real Sociedad
35.8%
Real Valladolid
30.6%
Leganés
26.1%
Getafe
25.3%

You're not logged in!

Compare scores with friends on all Sporcle quizzes.
OR
Log In

Sporcle TV

Today on Sporcle TV


Watch our educational content, quiz creation guides, and fun videos on Sporcle TV.

Show Comments

Extras

Top Quizzes Today


Score Distribution

Your Account Isn't Verified!

In order to create a playlist on Sporcle, you need to verify the email address you used during registration. Go to your Sporcle Settings to finish the process.

Report this User

Report this user for behavior that violates our Community Guidelines.

Details: